MARC

LEADER 00000nam0a2200000 4500
001 324781
005 20231102003711.0
035 |a (RuTPU)RU\TPU\book\350392 
090 |a 324781 
100 |a 20161122d1973 km y0rusy50 ca 
101 0 |a rus 
102 |a RU 
105 |a y z 001zb 
200 1 |a Ленин В. И. и некоторые вопросы изменения социальной структуры Советского общества в переходный период  |e сборник статей  |f под ред. В. М. Селунской 
210 |a Москва  |c Изд-во Московского ун-та  |d 1973 
215 |a 280 с. 
320 |a Библиография в примечаниях 
600 1 |a Ленин  |b В. И.  |c настоящая фамилия Ульянов  |c российский политический деятель  |f 1870-1924  |g Владимир Ильич  |2 stltpush  |3 (RuTPU)RU\TPU\pers\1074  |9 486 
606 1 |a Социальная структура  |x Социальная фмлософия  |2 stltpush  |3 (RuTPU)RU\TPU\subj\55673  |9 73681 
610 1 |a советское общество 
610 1 |a переходный период 
610 1 |a изменения 
610 1 |a классовая структура 
610 1 |a ленинская концепция 
610 1 |a ленинские принципы 
610 1 |a мелкобуржуазные партии 
610 1 |a политические процессы 
610 1 |a перепись 
610 1 |a население 
610 1 |a колхозники 
610 1 |a пролетариат 
610 1 |a рабочий класс 
610 1 |a профсоюзы 
610 1 |a культурное строительство 
610 1 |a интеллигенция 
686 |a Ю64  |v LBC/SL-A  |2 rubbk 
702 1 |a Селунская  |b В. М.  |4 340 
801 1 |a RU  |b 63413507  |c 20161122 
801 2 |a RU  |b 63413507  |c 20161129  |g RCR 
942 |c BK